00451nam a2200121Ia 4500008004100000100002400041245007900065245004200144260000900186856004200195999001900237952007300256160531s9999 xx 000 0 und d aDumitrescu, Olivia. aLectures on the topological recursion for Higgs bundles and quantum curves cby Olivia Dumitrescu, Motohico Mulase c2015 uhttp://arxiv.org/pdf/1509.09007v2.pdf c295121d295121 001040aCLbCLd2016-05-31l0r2016-05-31 00:00:00w2016-05-31yCBE